| 000 | 00590nam a2200241 a 4500 | ||
|---|---|---|---|
| 001 | nice12345678 | ||
| 003 | IN_TiNIC | ||
| 005 | 20260116011350.0 | ||
| 008 | 050524s1963 lona grp 000 0 eng | ||
| 020 |
_a _c100 |
||
| 082 | 0 | 0 |
_a231 _bDAM |
| 100 | _aDammers, A H | ||
| 245 | _aGod Is Light, God Is Love. | ||
| 260 |
_aLondon _bLutterworth Press _c1963 |
||
| 300 | _a80p | ||
| 500 | _aincludes index and biblioraphy | ||
| 505 | 2 | _aworld christian books no.22 | |
| 650 | _aGod-Biblical Teaching | ||
| 700 | 1 | _aDammers, A H | |
| 902 | _bSRS | ||
| 942 | _cBK | ||
| 999 |
_c896 _d896 |
||